000 00343nab a22001097u 4500
008 130520b1991 xxu||||| |||| 00| 0 spa d
041 _aspa
100 1 _aMeyer, B. F.
_967518
245 0 0 _aLos retos de texto y el lector al método histórico-crítico
_cB. F. Meyer
773 0 _tConcilium
_gV.1,1991,págs.23-36
_x0210-1041
_wRev134
942 _cAR
999 _c355623
_d355623